Online
Catalog

Poesías / (Record no. 19532)

MARC details
000 -CABECERA
campo de control de longitud fija 00919nam a2200241 a 4500
001 - NÚMERO DE CONTROL
campo de control 000020020
005 - FECHA Y HORA DE LA ÚLTIMA TRANSACCIÓN
campo de control 20200929170231.0
008 - DATOS DE LONGITUD FIJA--INFORMACIÓN GENERAL
campo de control de longitud fija 100712s1962 ve r 000 p spa d
040 ## - FUENTE DE LA CATALOGACIÓN
Centro catalogador/agencia de origen DO-SdBNP
Lengua de catalogación spa
Centro/agencia transcriptor BNPHU
082 ## - NÚMERO DE LA CLASIFICACIÓN DECIMAL DEWEY
Número de clasificación V861.44
Número de documento/Ítem R638p
049 ## - FONDOS LOCALES (OCLC)
Fondos de biblioteca BNGR
100 1# - ENTRADA PRINCIPAL--NOMBRE DE PERSONA
Nombre de persona Rojas Guardia, Pablo,
Fechas asociadas al nombre 1909-1978
9 (RLIN) 20730
245 10 - MENCIÓN DE TÍTULO
Título Poesías /
Mención de responsabilidad, etc. Pablo Rojas Guardia ; prólogo Fernando Paz Castillo.
260 ## - PUBLICACIÓN, DISTRIBUCIÓN, ETC.
Lugar de publicación, distribución, etc. Caracas :
Nombre del editor, distribuidor, etc. Ediciones del Ministerio de Educación :
-- Dirección de Cultura y Bellas Artes,
Fecha de publicación, distribución, etc. 1962.
300 ## - DESCRIPCIÓN FÍSICA
Extensión 148 p. ;
Dimensiones 18 cm.
490 1# - MENCIÓN DE SERIE
Mención de serie Biblioteca popular venezolana ;
Designación de volumen o secuencia 84
500 ## - NOTA GENERAL
Nota general Incluye referencia biográfica del autor en la solapa.
600 04 - PUNTO DE ACCESO ADICIONAL DE MATERIA--NOMBRE DE PERSONA
Nombre de persona ROJAS GUARDIA, PABLO,
Subdivisión cronológica 1909-1978
Subdivisión general POESÍA
9 (RLIN) 42610
650 #4 - PUNTO DE ACCESO ADICIONAL DE MATERIA--TÉRMINO DE MATERIA
Término de materia o nombre geográfico como elemento de entrada Poesía venezolana
9 (RLIN) 4230
650 #4 - PUNTO DE ACCESO ADICIONAL DE MATERIA--TÉRMINO DE MATERIA
Término de materia o nombre geográfico como elemento de entrada Literatura venezolana
9 (RLIN) 3816
700 1# - PUNTO DE ACCESO ADICIONAL--NOMBRE DE PERSONA
Nombre de persona Paz Castillo, Fernando,
Término indicativo de función/relación pról.
9 (RLIN) 20683
830 #0 - PUNTO DE ACCESO ADICIONAL DE SERIE-TÍTULO UNIFORME
Título uniforme Biblioteca popular venezolana ;
Designación de volumen o secuencia 84
9 (RLIN) 4512
Holdings
Estado de retiro Estado de pérdida Restricciones de uso No para préstamo Código de colección Localización permanente Ubicación/localización actual Ubicación en estantería Fecha de adquisición Número de inventario Total de préstamos Signatura topográfica completa Código de barras Fecha visto por última vez Precio válido a partir de Tipo de ítem Koha Número de copia
        Monografías: Libros y Folletos General General En catalogación 12.07.2010 LF1   V861.44 R638p 20020-10 25.06.2020 25.06.2020 Préstamo en sala  
      Préstamo restrigido Monografías: Libros y Folletos General General En catalogación 22.02.2011 LF1   V861.44 R638p 20020-20 25.06.2020 25.06.2020 Préstamo en sala e. 2

Powered by Koha